000 00988nam a22002651u 4500
001 12516
003 HDC
007 cr bn ---
008 210209p2004 my eng
040 _aHDC
100 _aZainun Che Ahamad,
_eauthor
_913139
245 0 _aQuality changes in spice-roasted chicken (ayam percik) stored at chill temperature /
_cby Zainun Che Ahamad, Faridah Abdul Aziz and Rokiah Baba
260 _aSerdang :
_bMalaysian Agricultural Research and Development Institute (MARDI),
_c2004
300 _a1 page
336 _atext
_2rdacontent
337 _acomputer
_2rdamedia
338 _aonline resource
_2rdacarrier
650 _aChill temperature
_913142
650 _aProcessing
_913140
650 _aQuality changes
_913141
856 _zRequest full-text at [email protected]
942 _2lcc
942 _cAR
942 _kJART 003111
999 _c9839
_d9839